Plantas silvestres comestibles del sur de Ecuador (Registro nro. 2019)

Detalles MARC
000 -CABECERA
Campo de control 00919nam a2200313 a 4500
005 - FECHA Y HORA DE LA ULTIMA TRANSACCION
Campo de control 20180803164946.0
008 - ELEMENTOS DE LONGITUD FIJA—INFORMACION GENERAL
Campo de control 140303b1999 ec ||||| |||| 00| 0 spa d
020 ## - ISBN
ISBN 997804471
040 ## - FUENTE DE CATALOGACIÓN
Agencia catalogadora original CO-BoIAVH
Agencia transcriptora CO-BoIAVH
041 ## - IDIOMA
Código de idioma para texto/pista de sonido o título separado Español
Código de idioma de la versión original y/o traducciones intermedias del texto Inglés
044 ## - PAÍS DE PUBLICACIÓN
País de publicación Ecuador
082 ## - NUMERO DE CLASIFICACION DECIMAL DEWEY
Número de clasificación 581.632
Número del ítem E97p
100 1# - ASIENTO PRINCIPAL--NOMBRE PERSONAL
Nombre personal Eynden, Veerle van den
245 1# - MENCION DE TITULO
Título Plantas silvestres comestibles del sur de Ecuador
246 ## - FORMA VARIANTE DEL TITULO
Título propiamente dicho/forma breve del título Wild edible plants of southern Ecuador
260 ## - PUBLICACION, DISTRIBUCION, ETC. (PIE DE IMPRENTA)
Lugar de publicación, distribución, etc. Quito
Nombre del editor, distribuidor, etc. Ediciones Abya-Yala
Fecha de publicación, distribución, etc. 1999
300 ## - DESCRIPCION FISICA
Extensión 220 paginas
Dimensiones 15 x 10 cm
650 14 - ASIENTO SECUNDARIO DE MATERIA - TERMINO TEMATICO
Término temático o nombre geográfico como elemento de entrada Plantas silvestres
650 14 - ASIENTO SECUNDARIO DE MATERIA - TERMINO TEMATICO
Término temático o nombre geográfico como elemento de entrada Alimentación
650 14 - ASIENTO SECUNDARIO DE MATERIA - TERMINO TEMATICO
Término temático o nombre geográfico como elemento de entrada Etnobotánica
650 14 - ASIENTO SECUNDARIO DE MATERIA - TERMINO TEMATICO
Término temático o nombre geográfico como elemento de entrada Clima
650 14 - ASIENTO SECUNDARIO DE MATERIA - TERMINO TEMATICO
Término temático o nombre geográfico como elemento de entrada Zonas de vida
650 14 - ASIENTO SECUNDARIO DE MATERIA - TERMINO TEMATICO
Término temático o nombre geográfico como elemento de entrada Vegetación
650 14 - ASIENTO SECUNDARIO DE MATERIA - TERMINO TEMATICO
Término temático o nombre geográfico como elemento de entrada Inventarios
650 14 - ASIENTO SECUNDARIO DE MATERIA - TERMINO TEMATICO
Término temático o nombre geográfico como elemento de entrada Guía de campo
700 ## - ASIENTO SECUNDARIO - NOMBRE PERSONAL
Nombre personal Cabrera, Omar
700 ## - ASIENTO SECUNDARIO - NOMBRE PERSONAL
Nombre personal Cueva, Eduardo
942 ## - ELEMENTOS ADICIONALES (KOHA)
Tipo de ítem Libro
Sistema de clasificación Dewey Decimal Classification
Existencias
Withdrawn status Lost status Sistema de Clasificación Damaged status No para préstamo Colección Inventariado Ubicación Permanente Ubicación actual Fecha de adquisición Fuente de Valor Valor Total Checkouts Número topográfico Inventario / Código de Barras Date last seen Ejemplar Price effective from Forma de adquisición Tipo de material
    Dewey Decimal Classification     General Inventariado 2017 Bogotá Bogotá 29/01/2001 Quiceno, María Paula 39000.00   LB-581.632 E97p 002504 04/12/2012 Ej. 1 04/12/2012 Donación Libro